Declaraciones sobre normas de auditoria/ (Registro nro. 8944)

Detalles MARC
000 -LEADER
fixed length control field 01688nam a2200205Ia 4500
005 - FECHA Y HORA DE LA ÚLTIMA TRANSACCIÓN
control field 20230821171605.0
008 - FIXED-LENGTH DATA ELEMENTS--GENERAL INFORMATION
fixed length control field 230814s9999 xx 000 0 und d
020 ## - INTERNATIONAL STANDARD BOOK NUMBER
International Standard Book Number 968-6964-52-5
040 ## - CATALOGING SOURCE
Original cataloging agency UPAN
Transcribing agency Biblioteca San Vicente
Description conventions RCAA2
041 ## - LANGUAGE CODE
Language code of text/sound track or separate title spa
082 ## - DEWEY DECIMAL CLASSIFICATION NUMBER
Classification number 657.45
Item number I59d
año de publicación 1996
110 ## - MAIN ENTRY--CORPORATE NAME
Corporate name or jurisdiction name as entry element Comité ejecutivo de normas de auditorias
Relator code aut.
245 #0 - TITLE STATEMENT
Title Declaraciones sobre normas de auditoria/
Statement of responsibility, etc Comité ejecutivo de normas de auditorias
250 ## - EDITION STATEMENT
Edition statement 1° ed.
260 ## - PUBLICATION, DISTRIBUTION, ETC. (IMPRINT)
Place of publication, distribution, etc México:
Name of publisher, distributor, etc IMCP,
Date of publication, distribution, etc 1997
300 ## - PHYSICAL DESCRIPTION
Extent 169 p.;
Dimensions 22 cm.
Type of unit (Tomo Vl)
505 ## - FORMATTED CONTENTS NOTE
Formatted contents note SAS 73 Uso del trabajo de un especialista<br/>SAS 74 Consideraciones para la auditoria de cumplimiento de auditorias de entidades gubernamentales y recipientes de asistencia financiera gubernamental<br/>SAS 75 Compromisos para aplicar procedimientos previamente convenidos a elementos específicos, cuentas o partidas de un estado financiero<br/>SAS 76 Correcciones a la declaración sobre normas de auditoria Nº 72 cartas a agentes de valores y algunas otras partes que la soliciten<br/>SAS 77 Correcciones a las declaraciones sobre normas de auditoria Nº 22, planeación y supervisión, Nº 59 consideraciones del auditor acerca dela habilidad de la habilidad de una entidad para continuar como negocio en marcha y Nº 62 informes especiales<br/>SAS 78 Evaluación de la estructura del control interno en una auditoria de estados financieros: corrección al SAS Nº 55 <br/>SAS 79 Corrección a la declaración sobre normas de auditorias Nº 58, Informes sobre estados financieros auditados<br/>SAS 80 Corrección a la declaración sobre normas Nº 31, evidencia comprobatoria<br/>
650 ## - SUBJECT ADDED ENTRY--TOPICAL TERM
Source of heading or term LEMB
Form subdivision Normas
General subdivision Auditoria
942 ## - ADDED ENTRY ELEMENTS (KOHA)
Koha item type Libros
Source of classification or shelving scheme Dewey Decimal Classification
Existencias
Withdrawn status Lost status Source of classification or shelving scheme Damaged status Not for loan Collection code Home library Current library Date acquired Total Checkouts Full call number Barcode Date last seen Copy number Price effective from Koha item type
    Dewey Decimal Classification     Colección General Biblioteca UPAN San Vicente Biblioteca UPAN San Vicente 14/08/2023   657.45 I59d 12001617 14/08/2023 01 14/08/2023 Libros